[Event "FRA-ch Youth 2017"]
[Site "Belfort"]
[Date "2017.04.20"]
[Round "6"]
[White "Christien, Vincent"]
[Black "Tomasi, Albert"]
[Result "1-0"]
[WhiteElo "1988"]
[BlackElo "2176"]
[Annotator "NA"]
[PlyCount "67"]
[EventDate "2017.??.??"]
[EventCountry "FRA"]
[SourceTitle "playchess.com"]
[Source "ChessBase"]
[SourceQuality "1"]
[TimeControl "5400+30"]

1. e4 {[%emt 0:00:00]} e5 {[%emt 0:00:14]} 2. Nf3 {[%emt 0:00:00]} Nc6 {[%emt 0:00:08]} 3. Bb5 {[%emt 0:00:00]} g6 {[%emt 0:00:06]} 4. d4 {[%emt 0:00:29]} exd4 {[%emt 0:00:17]} 5. Bg5 {[%emt 0:00:20]} Be7 {[%emt 0:00:23]} 6. Bxe7 {[%emt 0:00:08]} Qxe7 {[%emt 0:00:06]} 7. O-O {[%emt 0:00:17]} Qb4 {[%emt 0:00:14] C60: Ruy Lopez: Unusual Black 3rd moves and 3...g6} 8. Bxc6 {[%emt 0:00:19]} dxc6 {[%emt 0:00:11]} 9. Qxd4 {[%emt 0:00:12]} Qxd4 {[%emt 0:00:12]} 10. Nxd4 {[%emt 0:00:07]} Bd7 {[%emt 0:00:49]} 11. Nc3 {[%emt 0:04:16]} O-O-O {[%emt 0:01:08]} 12. Rad1 {[%emt 0:03:00]} Ne7 {[%emt 0:04:45]} 13. Rfe1 {[%emt 0:14:05]} g5 $146 {[%emt 0:08:28]} (13... c5 14. Nf3 h6 15. Ne5 {½-½ (27) Huerga Leache,M (2415)-Franco Ocampos,Z (2517) Elgoibar 2010}) 14. Nf3 {[%emt 0:11:25]} h6 {[%emt 0:04:31]} 15. Ne5 {[%emt 0:11:51]} Be6 {[%emt 0:01:03]} 16. Rxd8+ {[%emt 0:02:32]} Rxd8 {[%emt 0:09:04]} 17. Rd1 {[%emt 0:00:45]} Rxd1+ {[%emt 0:05:19]} 18. Nxd1 {[%emt 0:00:04]} Bxa2 {[%emt 0:00:05]} 19. b3 $1 {[%emt 0:12:42]} Bb1 {[%emt 0:03:34]} 20. Ne3 {[%emt 0:01:06]} f5 {[%emt 0:30:31]} 21. exf5 {[%emt 0:01:01]} Nd5 {[%emt 0:00:05]} 22. N5c4 $1 {[%emt 0:08:28]} ({Weaker is} 22. Nxd5 cxd5 23. f6 Kd8 $17) 22... b5 {[%emt 0:05:29] [#]} 23. Nxd5 $1 {[%emt 0:00:16]} cxd5 {[%emt 0:07:14]} 24. Na3 {[%emt 0:00:16]} Bxc2 {[%emt 0:01:03]} 25. Nxc2 {[%emt 0:00:06]} c5 {[%emt 0:00:38]} 26. Kf1 {[%emt 0:04:12]} a5 {[%emt 0:03:41]} 27. Ke2 {[%emt 0:01:22]} Kd7 {[%emt 0:00:45]} 28. Kd2 {[%emt 0:03:17]} Kd6 {[%emt 0:02:59]} 29. g4 $18 {[%emt 0:00:52]} Ke5 {[%emt 0:00:42]} 30. Ne1 {[%emt 0:01:39]} d4 {[%emt 0:01:10]} 31. Nc2 {[%emt 0:02:57]} c4 {[%emt 0:03:30]} 32. bxc4 {[%emt 0:00:11]} bxc4 {[%emt 0:00:05]} 33. Na3 {[%emt 0:00:15]} Kd5 {[%emt 0:00:07]} 34. Nxc4 {[%emt 0:00:12]} 1-0

[Event "FRA-ch Youth 2017"]
[Site "Belfort"]
[Date "2017.04.20"]
[Round "6"]
[White "Afraoui, Anaelle"]
[Black "Chachiachvili, Mariam"]
[Result "1-0"]
[WhiteElo "1977"]
[BlackElo "1742"]
[Annotator "NA"]
[PlyCount "116"]
[EventDate "2017.??.??"]
[EventCountry "FRA"]
[SourceTitle "playchess.com"]
[Source "ChessBase"]
[SourceQuality "1"]
[TimeControl "5400+30"]

1. e4 {[%emt 0:00:00]} e5 {[%emt 0:00:07]} 2. Nf3 {[%emt 0:00:00]} Nc6 {[%emt 0:00:04]} 3. d4 {[%emt 0:00:00]} exd4 {[%emt 0:00:12]} 4. Nxd4 {[%emt 0:00:00]} Nf6 {[%emt 0:00:07]} 5. Nc3 {[%emt 0:00:11]} Bb4 {[%emt 0:00:13]} 6. Nxc6 {[%emt 0:00:08]} bxc6 {[%emt 0:00:06]} 7. Bd3 {[%emt 0:00:09]} Qe7 {[%emt 0:05:42]} 8. O-O {[%emt 0:02:57]} O-O {[%emt 0:03:16] C47: Scotch Four Knights and Four Knights with 4 g3} 9. h3 $146 {[%emt 0:08:49]} (9. Bg5 h6 10. Bh4 d6 11. f4 Qe6 12. Qf3 Rb8 13. Kh1 Bxc3 14. bxc3 c5 15. Bxf6 Qxf6 16. e5 {1-0 (48) Zhang,X (2349)-Khotenashvili,B (2513) China 2015}) 9... Re8 {[%emt 0:11:34]} 10. Bd2 {[%emt 0:19:34]} Bb7 {[%emt 0:08:48]} 11. Re1 {[%emt 0:03:06]} Qc5 {[%emt 0:22:48]} (11... d6 $11 {remains equal.}) 12. a3 {[%emt 0:07:50]} Bxc3 {[%emt 0:03:05]} 13. Bxc3 {[%emt 0:00:14]} Qe7 {[%emt 0:01:27]} 14. Qf3 {[%emt 0:09:20]} c5 {[%emt 0:02:26]} 15. Qf5 {[%emt 0:10:06]} c4 {[%emt 0:08:22]} 16. e5 {[%emt 0:08:29]} cxd3 {[%emt 0:02:42]} 17. exf6 {[%emt 0:00:24]} Qd6 {[%emt 0:06:58]} 18. cxd3 {[%emt 0:05:18]} g6 {[%emt 0:03:29]} 19. Qg4 {[%emt 0:01:45]} Bc6 {[%emt 0:03:38]} 20. Qh4 {[%emt 0:04:49]} Qd5 {[%emt 0:02:26]} 21. f3 {[%emt 0:03:17]} Qc5+ {[%emt 0:00:27]} 22. Kh1 {[%emt 0:00:13]} h5 {[%emt 0:02:17]} 23. Qf4 {[%emt 0:01:50]} Qd6 {[%emt 0:07:42]} (23... g5 {was worth a try.} 24. Qxc7 Kh7) 24. Qg5 {[%emt 0:02:00]} Kh7 {[%emt 0:00:43]} 25. Bd2 {[%emt 0:03:47]} Qf8 {[%emt 0:00:28]} 26. Re7 {[%emt 0:02:47]} Rab8 {[%emt 0:02:47]} 27. Rae1 {[%emt 0:00:47]} d6 {[%emt 0:00:04]} 28. Qf4 {[%emt 0:04:02]} Rxe7 {[%emt 0:00:34]} 29. fxe7 {[%emt 0:01:03]} Qg7 {[%emt 0:00:38]} 30. Bc3 {[%emt 0:00:04]} Qg8 {[%emt 0:00:26]} 31. Qf6 {[%emt 0:00:34]} g5 {[%emt 0:01:31]} 32. Bd2 {[%emt 0:00:54]} Rb5 $2 {[%emt 0:00:33]} (32... Qg7 33. Qxg7+ Kxg7) 33. e8=Q {[%emt 0:01:23]} Bxe8 {[%emt 0:00:19]} 34. Re7 {[%emt 0:00:04]} Qg6 {[%emt 0:00:54]} 35. Qxg6+ {[%emt 0:00:25]} Kxg6 {[%emt 0:00:03]} 36. Rxe8 {[%emt 0:00:05]} Rxb2 {[%emt 0:00:05]} 37. Bc1 {[%emt 0:01:04]} Rc2 {[%emt 0:00:22]} 38. Re1 {[%emt 0:00:08]} Rc3 {[%emt 0:00:43]} 39. d4 $18 {[%emt 0:00:23]} Rd3 {[%emt 0:00:19]} 40. Bb2 {[%emt 0:00:40]} Rd2 {[%emt 0:00:22]} 41. Bc3 {[%emt 0:00:29]} Rd3 {[%emt 0:00:13]} 42. Rc1 {[%emt 0:00:17]} Kf5 {[%emt 0:00:17]} 43. Kg1 {[%emt 0:00:07]} Re3 {[%emt 0:00:28]} 44. Kf2 {[%emt 0:00:04]} Re8 {[%emt 0:00:24]} 45. Bb4 {[%emt 0:00:43]} Re7 {[%emt 0:00:19]} 46. Ba5 {[%emt 0:00:08]} Ke6 {[%emt 0:00:21]} 47. Rxc7 {[%emt 0:00:17]} Rxc7 {[%emt 0:00:24]} 48. Bxc7 {[%emt 0:00:04]} Kd5 {[%emt 0:00:19]} 49. Ke3 {[%emt 0:00:19]} f5 {[%emt 0:00:18]} 50. Bd8 {[%emt 0:00:19]} g4 {[%emt 0:00:31]} 51. hxg4 {[%emt 0:00:08]} hxg4 {[%emt 0:00:07]} 52. fxg4 {[%emt 0:00:03]} fxg4 {[%emt 0:00:05]} 53. Kd3 {[%emt 0:00:47]} Kc6 {[%emt 0:00:28]} 54. Ke4 {[%emt 0:00:23]} Kb5 {[%emt 0:00:38]} 55. Be7 {[%emt 0:00:06]} Kc6 {[%emt 0:00:08]} 56. Kf4 {[%emt 0:00:10]} Kd5 {[%emt 0:00:14]} 57. Kxg4 {[%emt 0:00:10]} Kxd4 {[%emt 0:00:05]} 58. Bxd6 {[%emt 0:00:04]} Kd5 1-0

[Event "FRA-ch Youth 2017"]
[Site "Belfort"]
[Date "2017.04.20"]
[Round "6"]
[White "Rollot, Florence"]
[Black "Conti, Anne-Marie"]
[Result "0-1"]
[WhiteElo "1973"]
[BlackElo "1712"]
[Annotator "NA"]
[PlyCount "116"]
[EventDate "2017.??.??"]
[EventCountry "FRA"]
[SourceTitle "playchess.com"]
[Source "ChessBase"]
[SourceQuality "1"]
[TimeControl "5400+30"]

1. d4 {[%emt 0:00:00]} d5 {[%emt 0:00:17]} 2. g3 {[%emt 0:00:31]} e6 {[%emt 0:00:39]} 3. Bg2 {[%emt 0:00:23]} Nf6 {[%emt 0:00:31]} 4. Bf4 {[%emt 0:01:00] D00: 1 d4 d5: Unusual lines} Nbd7 {[%emt 0:01:42]} 5. Nf3 {[%emt 0:01:49]} c5 {[%emt 0:01:29]} 6. c3 {[%emt 0:07:17]} cxd4 {[%emt 0:09:08]} 7. cxd4 {[%emt 0:00:33]} Bb4+ {[%emt 0:00:52]} (7... Qb6 8. Qc2 Bd6 9. O-O O-O 10. Nc3 Bxf4 11. gxf4 Nb8 12. Rac1 Bd7 13. e3 Bc6 {½-½ (24) Bruzon Batista,L (2677)-Andreikin,D (2718) Havana 2015}) 8. Nbd2 {[%emt 0:00:24]} O-O {[%emt 0:07:38]} 9. O-O {[%emt 0:01:14]} Nh5 {[%emt 0:02:42]} 10. Be3 $146 {[%emt 0:10:22]} (10. Bg5 f6 11. Be3 g5 12. Nb3 Nb6 13. Bd2 Bd6 {0-1 (42) Cottrell,K (1887)-Ross,L (2141) San Diego 2006}) 10... Bd6 {[%emt 0:02:12]} 11. Nb3 {[%emt 0:02:51]} f5 {[%emt 0:11:08]} (11... b6 $11) 12. Nc5 {[%emt 0:09:33]} Qe7 {[%emt 0:07:35]} 13. Nxe6 {[%emt 0:29:56]} Qxe6 {[%emt 0:04:29]} 14. Ng5 {[%emt 0:00:11]} Qg6 {[%emt 0:01:23]} 15. Bxd5+ {[%emt 0:00:40]} Kh8 {[%emt 0:00:51]} 16. Qb3 {[%emt 0:06:47]} h6 {[%emt 0:04:34]} 17. Nf7+ {[%emt 0:06:00]} Kh7 {[%emt 0:01:05]} 18. Bd2 {[%emt 0:03:09]} (18. Nxd6 $142 Qxd6 19. Bf3) 18... a5 {[%emt 0:05:08]} 19. e4 {[%emt 0:06:12]} fxe4 {[%emt 0:07:15]} 20. Rae1 {[%emt 0:00:24]} a4 {[%emt 0:12:12]} 21. Qb5 {[%emt 0:03:41]} Ndf6 {[%emt 0:02:27]} 22. Nxd6 {[%emt 0:02:21]} Nxd5 {[%emt 0:00:41]} 23. Nxc8 {[%emt 0:01:40]} Nc7 {[%emt 0:00:58]} 24. Qxb7 {[%emt 0:02:09]} Rfxc8 {[%emt 0:02:13]} 25. Qxe4 {[%emt 0:01:52]} Qxe4 {[%emt 0:00:33]} 26. Rxe4 {[%emt 0:00:01]} Nf6 {[%emt 0:00:09]} 27. Re5 {[%emt 0:01:12]} Ncd5 {[%emt 0:00:49]} 28. Rd1 {[%emt 0:00:56]} Rc2 {[%emt 0:00:38]} 29. Bc1 {[%emt 0:00:34]} Rac8 {[%emt 0:00:30]} 30. Ree1 {[%emt 0:00:02]} Nb4 {[%emt 0:00:36]} 31. a3 {[%emt 0:00:25]} Na2 {[%emt 0:00:51]} 32. Bf4 {[%emt 0:00:46]} Rxb2 {[%emt 0:00:55]} 33. h3 {[%emt 0:00:54]} Rcc2 {[%emt 0:00:20]} 34. Rf1 {[%emt 0:00:30]} Ne4 {[%emt 0:00:29]} 35. Be3 {[%emt 0:00:24]} Nxg3 {[%emt 0:00:07]} 36. Rfe1 {[%emt 0:00:36]} Ne4 {[%emt 0:01:23]} 37. Bc1 {[%emt 0:00:37]} Nxf2 {[%emt 0:01:45]} 38. Bxb2 {[%emt 0:00:16]} Nxh3+ {[%emt 0:00:47]} 39. Kh1 {[%emt 0:00:00]} Nf2+ {[%emt 0:00:10]} 40. Kg1 {[%emt 0:00:02]} Nxd1 {[%emt 0:00:11]} 41. Rxd1 {[%emt 0:00:04]} Rxb2 {[%emt 0:00:11]} 42. d5 {[%emt 0:00:06]} Rb7 {[%emt 0:00:33]} 43. Kf2 $19 {[%emt 0:00:40]} Rd7 {[%emt 0:00:32]} 44. Rd3 {[%emt 0:00:33]} Nc1 {[%emt 0:00:35]} 45. Rd4 {[%emt 0:00:07]} Nb3 {[%emt 0:00:31]} 46. Rd1 {[%emt 0:00:31]} Kg6 {[%emt 0:00:37]} 47. Ke3 {[%emt 0:00:06]} Kf5 {[%emt 0:00:48]} 48. Rg1 {[%emt 0:01:26]} Na5 {[%emt 0:01:29]} 49. Kd4 {[%emt 0:00:22]} Nb3+ {[%emt 0:02:06]} 50. Kc4 {[%emt 0:00:31]} Nd2+ {[%emt 0:00:40]} 51. Kc5 {[%emt 0:01:12]} Ne4+ {[%emt 0:01:06]} 52. Kb4 {[%emt 0:01:07]} g6 {[%emt 0:00:54]} 53. Kxa4 {[%emt 0:00:30]} Rxd5 {[%emt 0:00:23]} 54. Kb4 {[%emt 0:00:13]} h5 {[%emt 0:00:29]} 55. a4 {[%emt 0:00:34]} Rd4+ {[%emt 0:00:49]} 56. Ka5 {[%emt 0:00:01]} Nc5 {[%emt 0:00:48]} 57. Rf1+ {[%emt 0:00:46]} Rf4 {[%emt 0:00:05]} 58. Rh1 Ke5 0-1

[Event "FRA-ch Youth 2017"]
[Site "Belfort"]
[Date "2017.04.20"]
[Round "6"]
[White "Djidjeli, Sarah"]
[Black "Thomas, Amaryllis"]
[Result "1-0"]
[WhiteElo "1934"]
[BlackElo "1695"]
[Annotator "NA"]
[PlyCount "77"]
[EventDate "2017.??.??"]
[EventCountry "FRA"]
[SourceTitle "playchess.com"]
[Source "ChessBase"]
[SourceQuality "1"]
[TimeControl "5400+30"]

1. e4 {[%emt 0:00:00]} e5 {[%emt 0:00:08]} 2. Nf3 {[%emt 0:00:00]} Nc6 {[%emt 0:01:11]} 3. Nc3 {[%emt 0:00:00]} Nf6 {[%emt 0:00:09]} 4. d4 {[%emt 0:00:00]} exd4 {[%emt 0:01:19]} 5. Nxd4 {[%emt 0:00:00]} Bb4 {[%emt 0:01:00]} 6. Nxc6 {[%emt 0:00:17]} bxc6 {[%emt 0:00:08]} 7. Bd3 {[%emt 0:00:05]} d5 {[%emt 0:01:19]} 8. exd5 {[%emt 0:00:47]} cxd5 {[%emt 0:00:11]} 9. O-O {[%emt 0:00:12]} O-O {[%emt 0:00:20]} 10. Bg5 {[%emt 0:00:22]} c6 {[%emt 0:02:46] LiveBook: 1794 Games} 11. Qf3 {[%emt 0:00:23]} Be7 {[%emt 0:01:13]} 12. Rae1 {[%emt 0:01:05]} Be6 {[%emt 0:03:05]} 13. Na4 {[%emt 0:04:04] C47: Scotch Four Knights and Four Knights with 4 g3} (13. Ne2 h6 14. Bf4 Bg4 15. Qg3 Bxe2 16. Rxe2 Nh5 17. Qf3 Nxf4 18. Qxf4 Bd6 19. Qf5 g6 20. Qg4 h5 21. Qh3 {0-1 (37) Thakur,A (2363)-Halkias,S (2584) Sharjah 2017}) 13... Qa5 $146 {[%emt 0:04:13]} (13... Nd7 14. Bxe7 Qxe7 15. Qf4 Rab8 16. b3 Nc5 17. Nxc5 Qxc5 18. Re3 Rb4 19. Qe5 Rd8 20. Rfe1 Qd4 {½-½ (31) Landenbergue,C (2401)-Bucher,D (2314) Geneve 2001}) 14. b3 {[%emt 0:02:44]} c5 {[%emt 0:05:41]} 15. Bf5 {[%emt 0:07:22]} Ne4 $2 {[%emt 0:16:41]} (15... Rad8 $16 {keeps fighting.}) 16. Bxe7 {[%emt 0:17:07]} Nd2 {[%emt 0:00:15]} 17. Bxh7+ $2 {[%emt 0:05:11]} (17. Qf4 $18 Rfe8 18. Bxe6 fxe6 19. Bxc5 Nxf1 20. Kxf1) 17... Kxh7 {[%emt 0:04:23]} 18. Qh5+ {[%emt 0:05:47]} Kg8 {[%emt 0:01:10]} 19. Bxf8 {[%emt 0:00:52]} ({But not} 19. Nxc5 $6 Nxf1 20. Kxf1 (20. Rxf1 Rfe8 21. Nxe6 fxe6 $11) 20... Rfe8 $11) 19... Rxf8 {[%emt 0:00:40]} 20. Re3 {[%emt 0:03:33]} Nxf1 {[%emt 0:01:20]} 21. Kxf1 {[%emt 0:00:37]} Re8 {[%emt 0:06:29]} 22. Qe2 {[%emt 0:04:17]} d4 {[%emt 0:08:19]} (22... c4 $11 {and Black stays safe.}) 23. Re5 {[%emt 0:01:52]} Rc8 {[%emt 0:00:38]} 24. Rxe6 {[%emt 0:02:18]} fxe6 {[%emt 0:01:09]} 25. Qxe6+ {[%emt 0:00:06]} Kh7 {[%emt 0:00:14]} 26. Qf5+ {[%emt 0:01:16]} g6 {[%emt 0:03:54]} 27. Qxc8 {[%emt 0:01:17]} Qd2 {[%emt 0:00:26]} 28. Qh3+ {[%emt 0:01:18]} Kg7 {[%emt 0:02:16]} 29. Qd3 {[%emt 0:01:06]} Qc1+ {[%emt 0:01:27]} 30. Ke2 {[%emt 0:00:10]} Qg5 {[%emt 0:00:12]} 31. Qg3 {[%emt 0:02:10]} Qe7+ {[%emt 0:00:47]} 32. Kd2 {[%emt 0:01:19]} c4 {[%emt 0:01:59]} 33. Qf4 {[%emt 0:01:54]} Qd8 $18 {[%emt 0:03:58]} 34. Qe5+ {[%emt 0:01:25]} Kh6 {[%emt 0:00:48]} 35. bxc4 {[%emt 0:02:19]} Qh4 {[%emt 0:01:43]} 36. Qh8+ {[%emt 0:00:05]} Kg5 {[%emt 0:00:12]} 37. Qxh4+ {[%emt 0:00:12]} Kxh4 38. c5 {[%emt 0:00:10]} g5 {[%emt 0:00:49]} 39. c6 {[%emt 0:00:08]} 1-0

[Event "FRA-ch Youth 2017"]
[Site "Belfort"]
[Date "2017.04.20"]
[Round "6"]
[White "Roux, Baptiste"]
[Black "Giammari, Santu"]
[Result "1-0"]
[WhiteElo "1934"]
[BlackElo "1794"]
[Annotator "NA"]
[PlyCount "73"]
[EventDate "2017.??.??"]
[EventCountry "FRA"]
[SourceTitle "playchess.com"]
[Source "ChessBase"]
[SourceQuality "1"]
[TimeControl "5400+30"]

1. d4 {[%emt 0:00:00]} d6 {[%emt 0:00:38]} 2. e4 {[%emt 0:00:35]} g6 {[%emt 0:00:14]} 3. Nc3 {[%emt 0:01:08]} Bg7 {[%emt 0:00:16]} 4. Be3 {[%emt 0:00:48]} a6 {[%emt 0:00:57]} 5. f3 {[%emt 0:01:38]} b5 {[%emt 0:00:22]} 6. Qd2 {[%emt 0:01:54]} Nd7 {[%emt 0:01:16]} 7. g4 {[%emt 0:06:50]} h5 {[%emt 0:03:45] B06: Modern Defence} 8. gxh5 {[%emt 0:03:01]} Rxh5 {[%emt 0:00:27]} 9. Nge2 {[%emt 0:00:47]} Bb7 {[%emt 0:01:15]} 10. Ng3 {[%emt 0:00:51]} Rh8 {[%emt 0:00:16]} 11. h4 {[%emt 0:05:10]} Ngf6 {[%emt 0:04:40]} 12. Bg2 $146 {[%emt 0:11:38]} (12. O-O-O Nb6 13. h5 gxh5 14. Nf5 Bf8 15. Bg5 e6 {0-1 (32) Amin,B (2635)-Mamedov,R (2659) Dubai 2014}) 12... Nb6 {[%emt 0:12:53]} 13. b3 {[%emt 0:03:10]} Nh5 {[%emt 0:06:21]} (13... c5 $1 $11) 14. Nxh5 {[%emt 0:05:03]} Rxh5 {[%emt 0:01:38]} 15. O-O-O {[%emt 0:05:21]} a5 {[%emt 0:09:44]} 16. Ne2 {[%emt 0:05:09]} a4 {[%emt 0:05:36]} 17. Ng3 {[%emt 0:01:26]} Rh8 {[%emt 0:00:51]} 18. h5 {[%emt 0:00:19]} axb3 {[%emt 0:01:28]} 19. cxb3 {[%emt 0:00:16]} Ra3 {[%emt 0:18:18]} (19... Nd7 $16 20. h6 Bf6) 20. hxg6 {[%emt 0:00:59]} fxg6 {[%emt 0:02:47]} 21. Rxh8+ {[%emt 0:00:15]} Bxh8 {[%emt 0:00:05]} 22. Rh1 {[%emt 0:00:46]} Kf7 {[%emt 0:02:10]} (22... Bf6 $142 23. Kb1 Qa8) 23. Rh7+ {[%emt 0:03:26]} Kg8 {[%emt 0:00:17]} 24. Rh6 {[%emt 0:01:45]} Qa8 {[%emt 0:02:32]} 25. Kb1 {[%emt 0:02:42]} Qe8 $18 {[%emt 0:02:55]} (25... Qa5 26. Qxa5 Rxa5 27. Rxg6+ Kf7) 26. d5 {[%emt 0:04:10]} Bg7 {[%emt 0:02:26]} 27. Rh1 {[%emt 0:04:48]} Ra8 {[%emt 0:05:44]} 28. Bd4 {[%emt 0:10:24]} Qf7 {[%emt 0:03:06]} 29. Qc3 {[%emt 0:00:07]} Bxd4 {[%emt 0:00:51]} 30. Qxd4 {[%emt 0:00:01]} Qf6 {[%emt 0:00:20]} 31. Qxf6 {[%emt 0:00:15]} exf6 {[%emt 0:00:09]} 32. Rc1 {[%emt 0:00:08]} Bc8 {[%emt 0:03:59]} 33. Rxc7 {[%emt 0:00:25]} Bd7 {[%emt 0:00:02]} 34. Rb7 {[%emt 0:00:49]} Ra6 35. Bf1 {[%emt 0:00:39]} Be8 {[%emt 0:02:23]} 36. Rb8 {[%emt 0:00:27]} Kf7 {[%emt 0:00:26]} 37. Rxe8 {[%emt 0:00:19]} 1-0

[Event "FRA-ch Youth 2017"]
[Site "Belfort"]
[Date "2017.04.20"]
[Round "6"]
[White "Candelot, Clement"]
[Black "Papadiamandis, Elliot"]
[Result "1-0"]
[WhiteElo "1839"]
[BlackElo "1944"]
[Annotator "NA"]
[PlyCount "73"]
[EventDate "2017.??.??"]
[EventCountry "FRA"]
[SourceTitle "playchess.com"]
[Source "ChessBase"]
[SourceQuality "1"]
[TimeControl "5400+30"]

1. e4 {[%emt 0:00:00]} c5 {[%emt 0:00:18]} 2. Nf3 {[%emt 0:00:00]} d6 {[%emt 0:00:09]} 3. Bb5+ {[%emt 0:00:30]} Bd7 {[%emt 0:00:33]} 4. Bxd7+ {[%emt 0:00:57]} Qxd7 {[%emt 0:00:11]} 5. c4 {[%emt 0:00:56]} Nc6 {[%emt 0:00:54]} 6. Nc3 {[%emt 0:01:29]} Nf6 {[%emt 0:03:33]} 7. d4 {[%emt 0:04:53]} cxd4 {[%emt 0:00:27]} 8. Nxd4 {[%emt 0:00:24] LiveBook: 556 Games} g6 {[%emt 0:00:52]} 9. O-O {[%emt 0:02:05]} Bg7 {[%emt 0:00:15]} 10. Re1 {[%emt 0:13:21]} O-O {[%emt 0:02:10] B52: Sicilian: Moscow Variation with 3...Bd7} 11. f3 {[%emt 0:06:10]} Rac8 {[%emt 0:02:58]} 12. Nde2 {[%emt 0:07:31]} Na5 {[%emt 0:08:41]} (12... a6 13. Be3 Ne5 14. b3 b5 15. cxb5 axb5 16. Qd2 b4 17. Na4 Nc4 18. Qd3 Nxe3 19. Qxe3 {0-1 (36) Munoz Pantoja,M (2495)-Alsina Leal,D (2535) Catalunya 2012}) 13. b3 {[%emt 0:06:33]} a6 {[%emt 0:07:29]} 14. a4 $146 {[%emt 0:07:16]} (14. Be3 b5 15. cxb5 axb5 16. Rc1 b4 17. Na4 Qb7 18. Nb6 Rxc1 19. Qxc1 {1-0 (29) Eryomenko,V-Manescu,T (2090) Mureck 1998}) 14... b6 {[%emt 0:17:32]} 15. Be3 {[%emt 0:07:09]} Qb7 {[%emt 0:00:47]} 16. Rb1 {[%emt 0:02:11]} Nc6 {[%emt 0:10:21]} 17. Qd2 {[%emt 0:05:41]} Rfd8 {[%emt 0:03:15]} 18. Nf4 {[%emt 0:06:36]} e6 {[%emt 0:04:48]} 19. Red1 {[%emt 0:03:02]} Nd7 {[%emt 0:02:51]} 20. Nh3 {[%emt 0:06:02]} Nc5 {[%emt 0:05:46]} 21. Kh1 {[%emt 0:01:42]} Ne7 {[%emt 0:04:30]} 22. Bg5 {[%emt 0:02:45]} Rc7 $18 {[%emt 0:05:53]} (22... Qc7 $14) 23. Nf2 {[%emt 0:02:33]} h5 {[%emt 0:03:17]} 24. Bf4 {[%emt 0:02:34]} Rcd7 {[%emt 0:01:07]} 25. b4 {[%emt 0:01:50]} Bxc3 {[%emt 0:00:34]} 26. Qxc3 {[%emt 0:00:09]} Nxa4 {[%emt 0:00:24]} 27. Qf6 {[%emt 0:00:29]} Kh7 {[%emt 0:06:10]} 28. Qxf7+ {[%emt 0:00:08]} Kh8 {[%emt 0:00:04]} 29. Rxd6 {[%emt 0:01:37]} Nc6 {[%emt 0:01:13]} 30. Rxd7 {[%emt 0:01:19]} Qxd7 {[%emt 0:00:42]} 31. Qxg6 {[%emt 0:00:16]} Nc3 {[%emt 0:02:52]} 32. Qxh5+ {[%emt 0:00:18]} Kg8 {[%emt 0:00:14]} 33. Re1 {[%emt 0:00:42]} Qd4 {[%emt 0:01:26]} 34. Ng4 {[%emt 0:00:30]} Rd7 {[%emt 0:02:52]} 35. Qg6+ {[%emt 0:02:02]} Rg7 {[%emt 0:01:46]} 36. Nf6+ {[%emt 0:00:18]} Kh8 {[%emt 0:00:06]} 37. Qh6+ {[%emt 0:00:10] Qd8} 1-0

[Event "FRA-ch Youth 2017"]
[Site "Belfort"]
[Date "2017.04.20"]
[Round "6"]
[White "Greiner, Leon"]
[Black "Daeschler, Florian"]
[Result "0-1"]
[WhiteElo "1818"]
[BlackElo "2124"]
[Annotator "NA"]
[PlyCount "62"]
[EventDate "2017.??.??"]
[EventCountry "FRA"]
[SourceTitle "playchess.com"]
[Source "ChessBase"]
[SourceQuality "1"]
[TimeControl "5400+30"]

1. d4 {[%emt 0:00:00]} Nf6 {[%emt 0:00:07]} 2. Nf3 {[%emt 0:00:17]} d5 {[%emt 0:00:07]} 3. e3 {[%emt 0:00:12]} c6 {[%emt 0:00:55]} 4. Nbd2 {[%emt 0:02:07]} Bf5 {[%emt 0:04:35]} 5. c4 {[%emt 0:00:27]} e6 {[%emt 0:00:00] LiveBook: 58 Games D12: Slav Defence: 3 Nf3 Nf6 4 e3 Bf5} 6. Qb3 {[%emt 0:05:00]} (6. Nh4 Bg6 7. Nxg6 hxg6 8. g3 Bb4 9. Bg2 Ne4 10. O-O Bxd2 11. Bxd2 Nxd2 12. Qxd2 Nd7 13. Rac1 {0-1 (37) Damljanovic,B (2548)-Perunovic,M (2611) Kragujevac 2017}) 6... Qb6 {[%emt 0:00:00]} 7. Ne5 {[%emt 0:00:53]} Be7 {[%emt 0:04:29]} 8. Be2 {[%emt 0:06:31]} O-O $146 {[%emt 0:00:22]} (8... h6 9. O-O O-O 10. Qd1 Nbd7 11. Ndf3 Rfd8 12. h3 Qc7 13. b3 Nxe5 14. Nxe5 {1-0 (54) Lazic,M (2180)-Jevtic,B (2040) Tivat 1995}) 9. O-O {[%emt 0:00:06]} Nbd7 {[%emt 0:08:14]} 10. Ndf3 {[%emt 0:05:34]} Rfe8 {[%emt 0:12:55]} 11. Bd2 {[%emt 0:01:56]} Nxe5 {[%emt 0:05:21]} 12. Nxe5 {[%emt 0:00:09]} Ne4 {[%emt 0:00:36]} 13. Be1 {[%emt 0:02:30]} Qc7 {[%emt 0:08:58]} 14. f3 {[%emt 0:02:44]} Nc5 $1 {[%emt 0:07:06]} 15. Qc3 {[%emt 0:20:07]} Nd7 {[%emt 0:02:11]} 16. Nxd7 {[%emt 0:06:50]} Qxd7 {[%emt 0:00:04]} 17. Bf2 {[%emt 0:07:44]} a5 {[%emt 0:00:33]} 18. b3 {[%emt 0:01:20]} Bf6 {[%emt 0:01:33]} 19. Bd3 {[%emt 0:09:39]} e5 {[%emt 0:04:33]} 20. Bxf5 {[%emt 0:02:51]} Qxf5 {[%emt 0:00:06]} 21. Rfe1 {[%emt 0:02:11]} e4 {[%emt 0:03:06]} 22. Qc2 {[%emt 0:02:46]} Qh5 {[%emt 0:02:20]} 23. g4 {[%emt 0:03:15]} Qh3 {[%emt 0:00:19]} 24. f4 {[%emt 0:01:24]} Qxg4+ {[%emt 0:00:07]} 25. Bg3 {[%emt 0:01:32]} c5 {[%emt 0:01:04]} 26. Rad1 {[%emt 0:00:34]} cxd4 {[%emt 0:00:59]} 27. exd4 {[%emt 0:00:30]} h5 {[%emt 0:01:05]} 28. Qe2 {[%emt 0:00:26]} Qf5 {[%emt 0:00:20]} 29. cxd5 $19 {[%emt 0:00:54]} (29. Bf2 $142) 29... e3 {[%emt 0:04:28]} 30. Qd3 {[%emt 0:00:44]} Qxd3 {[%emt 0:01:12]} 31. Rxd3 {[%emt 0:00:02]} h4 0-1